| 000 | 00580nam a2200193 i 4500 | ||
|---|---|---|---|
| 001 | 112950 | ||
| 003 | ES-MaACL | ||
| 005 | 20230906185716.0 | ||
| 007 | t| | ||
| 008 | 061121s1969 sp r ||||1| spa d | ||
| 100 | 1 |
_aMuckenhirn, Charles Borromeo. _984018 |
|
| 245 | 1 | 4 |
_aLas nuevas monjas / _cSor M. Charles Borromeo, C. S. C. ; traducido por Amparo García Burgos. |
| 250 | _a1ª ed. | ||
| 260 |
_aBarcelona : _bGrijalbo, _c1969. |
||
| 300 |
_a195 p. ; _c20 cm. |
||
| 650 | 0 | 4 |
_aReligiosas. _916826 |
| 700 | 1 |
_aGarcía Burgos, Amparo. _954298 |
|
| 852 |
_aES-MaACL _jC-51084 |
||
| 999 |
_c112950 _d112950 |
||